| 000 | 00602 a2200217 4500 | ||
|---|---|---|---|
| 003 | 0199358 | ||
| 005 | 20251018153255.0 | ||
| 008 | 251018b |||||||| |||| 00| 0 eng d | ||
| 020 | _a9780770186 | ||
| 040 |
_c Nile University of Nigeria, Abuja. _erda |
||
| 050 | _a KP 61 .O3 | ||
| 082 | _a KP 61 .O3 | ||
| 100 |
_a Christian chukwuma obeagu _d2008 |
||
| 245 | _aThe Rudiments of Legal Method in Nigeria. | ||
| 260 |
_aEnugu _bCelex Print _c2008 |
||
| 264 |
_aEnugu _bCelex Print _c2008 |
||
| 300 | _bxxxvii, 506 pg., 25 cm. | ||
| 336 | _2rdacontent | ||
| 338 | _2rdacarrier | ||
| 942 |
_2lcc _cBK |
||
| 999 |
_c43919 _d43919 |
||